The world of plant life

Bibliographic Details
Main Author: Legg, Gerald
Other Authors: Weston, Steve
Format: Book
Published: London : Horus Editions Limited Publishers , 2000
Series:How it works
Subjects:

MARC

LEADER 00000cam a2200000 7i4500
001 0000027107
005 20151222.0
008 090814
020 |a 189976240X 
090 0 0 |a SC   |b ENG 
100 1 |a Legg, Gerald 
245 1 0 |a The world of plant life   |c Gerald, Legg 
260 |a London :   |b Horus Editions Limited Publishers ,   |c 2000 
440 |a How it works 
500 |a Children ages 10-12 years old (pink) 
650 0 |a Plants   |x juvenile literature 
650 0 |a Plant   |x life cycle   |x juvenile literature 
700 1 |a Weston, Steve 
999 |a 0001058012   |b Book   |c Children Collection   |e Perbadanan Perpustakaan Awam Johor 
999 |a 0001058013   |b Book   |c Children Collection   |e Perbadanan Perpustakaan Awam Johor